250 krátkých, kreativních a praktických arteterapeutických technik

Saved in:
Bibliographic Details
Main Author Buchalter, Susan I. 1955- (Author)
Other Authors Kadlecová, Eva, 1984- (Translator)
Format Book
LanguageCzech
Published Praha : Portál, 2026
EditionVydání první
Subjects
ISBN978-80-262-2412-9
Physical Description255 stran : ilustrace ; 23 cm

Cover

LEADER 00000nam a2200000 i 4500
001 115604
003 CZ ZlUTB
005 20260506082458.0
007 ta
008 251204s2026 xr a e f 000 0 cze
015 |a cnb003723193 
020 |a 978-80-262-2412-9  |q (brožováno) 
040 |a ABA001  |b cze  |d BOA001  |e rda 
041 1 |a cze  |h eng 
072 7 |a 615.8  |x Fyzioterapie. Psychoterapie. Alternativní lékařství  |2 Konspekt  |9 14 
080 |a 615.851:7.02  |2 MRF 
080 |a 159.952.4+159.923.2  |2 MRF 
080 |a 159.923.2  |2 MRF 
080 |a 316.472.4  |2 MRF 
080 |a 159.955  |2 MRF 
080 |a 613.86  |2 MRF 
080 |a [615.851:165.194]:364-785.62  |2 MRF 
080 |a (035)  |2 MRF 
100 1 |a Buchalter, Susan I.  |q (Susan Irene),  |d 1955-  |7 xx0341745  |4 aut 
240 1 0 |a 250 brief, creative & practical art therapy techniques.  |l Česky 
245 1 0 |a 250 krátkých, kreativních a praktických arteterapeutických technik /  |c Susan I. Buchalter ; z anglického originálu 250 brief, creative & practical art therapy techniques ... přeložila Eva Kadlecová 
246 3 |a Dvě stě padesát krátkých, kreativních a praktických arteterapeutických technik 
250 |a Vydání první 
264 1 |a Praha :  |b Portál,  |c 2026 
300 |a 255 stran :  |b ilustrace ;  |c 23 cm 
336 |a text  |b txt  |2 rdacontent 
337 |a bez média  |b n  |2 rdamedia 
338 |a svazek  |b nc  |2 rdacarrier 
504 |a Obsahuje bibliografii a bibliografické odkazy 
650 0 7 |a arteterapie  |7 ph118622  |2 czenas 
650 0 7 |a všímavost  |7 ph917178  |2 czenas 
650 0 7 |a sebepoznání  |7 ph116116  |2 czenas 
650 0 7 |a interpersonální vztahy  |7 ph114786  |2 czenas 
650 0 7 |a řešení problémů  |7 ph137287  |2 czenas 
650 0 7 |a zvládání stresu  |7 ph135858  |2 czenas 
650 0 7 |a kognitivně-behaviorální terapie  |7 ph121694  |2 czenas 
650 0 9 |a art therapy  |2 eczenas 
650 0 9 |a mindfulness  |2 eczenas 
650 0 9 |a self-consciousness  |2 eczenas 
650 0 9 |a interpersonal relations  |2 eczenas 
650 0 9 |a problem solving  |2 eczenas 
650 0 9 |a stress management  |2 eczenas 
650 0 9 |a cognitive-behavioral therapy  |2 eczenas 
655 7 |a příručky  |7 fd133209  |2 czenas 
655 9 |a handbooks and manuals  |2 eczenas 
700 1 |a Kadlecová, Eva,  |d 1984-  |7 xx0103153  |4 trl 
710 2 |a Portál (nakladatelství)  |7 ko2003199531  |4 pbl 
910 |a ZLD002 
942 |2 udc 
952 |0 0  |1 0  |4 0  |6 6158BUCHALTERSI  |7 0  |8 BOOK  |9 191030  |a UTBZL  |b UTBZL  |c 006  |d 2026-05-06  |l 0  |o 615.8/BUCHALTER,S.I.  |p 420010201920  |r 2026-05-06 08:31:30  |v 459.00  |w 2026-05-06  |x N:nákup  |y 04 
992 |a BK  |b SKNEW 
999 |c 115604  |d 115604